Bonded by evolution : (Record no. 1950)
[ view plain ]
| 000 -LEADER | |
|---|---|
| fixed length control field | 02961cam a2200565 i 4500 |
| 001 - CONTROL NUMBER | |
| control field | 1950 |
| 003 - CONTROL NUMBER IDENTIFIER | |
| control field | OCoLC |
| 005 - DATE AND TIME OF LATEST TRANSACTION | |
| control field | 20260413162019.0 |
| 008 - FIXED-LENGTH DATA ELEMENTS--GENERAL INFORMATION | |
| fixed length control field | 260109t20262026nyua b 001 0 eng |
| 010 ## - LIBRARY OF CONGRESS CONTROL NUMBER | |
| LC control number | 2025025847 |
| 040 ## - CATALOGING SOURCE | |
| Original cataloging agency | DLC |
| Language of cataloging | eng |
| Description conventions | rda |
| Transcribing agency | DLC |
| Modifying agency | OCLCO |
| -- | IG# |
| -- | CUV |
| -- | CLE |
| -- | BKL |
| -- | MDB |
| -- | JQF |
| -- | OCLCO |
| -- | WCT |
| -- | VPW |
| 019 ## - | |
| -- | 1527216204 |
| 020 ## - INTERNATIONAL STANDARD BOOK NUMBER | |
| International Standard Book Number | 9780593593981 |
| Qualifying information | (hardback) : |
| Terms of availability | $32.00 |
| 020 ## - INTERNATIONAL STANDARD BOOK NUMBER | |
| International Standard Book Number | 0593593987 |
| Qualifying information | (hardback) |
| 020 ## - INTERNATIONAL STANDARD BOOK NUMBER | |
| Canceled/invalid ISBN | 9780593593998 |
| Qualifying information | (ebook) |
| 035 ## - SYSTEM CONTROL NUMBER | |
| System control number | (OCoLC)1568232503 |
| Canceled/invalid control number | (OCoLC)1527216204 |
| 042 ## - AUTHENTICATION CODE | |
| Authentication code | pcc |
| 092 ## - LOCALLY ASSIGNED DEWEY CALL NUMBER (OCLC) | |
| Classification number | 302.13 |
| Item number | Eas |
| 049 ## - LOCAL HOLDINGS (OCLC) | |
| Holding library | VPW1 |
| 100 1# - MAIN ENTRY--PERSONAL NAME | |
| Personal name | Eastwick, Paul W., |
| Relator term | author. |
| Relationship | aut |
| -- | http://id.loc.gov/vocabulary/relators/aut |
| Real World Object URI | http://id.loc.gov/rwo/agents/no2022104851 |
| 245 10 - TITLE STATEMENT | |
| Title | Bonded by evolution : |
| Remainder of title | the new science of love and connection / |
| Statement of responsibility, etc. | Paul Eastwick. |
| 246 30 - VARYING FORM OF TITLE | |
| Title proper/short title | New science of love and connection |
| 250 ## - EDITION STATEMENT | |
| Edition statement | First edition. |
| 264 #1 - PRODUCTION, PUBLICATION, DISTRIBUTION, MANUFACTURE, AND COPYRIGHT NOTICE | |
| Place of production, publication, distribution, manufacture | New York, NY : |
| Name of producer, publisher, distributor, manufacturer | Crown, an imprint of Crown Publishing, |
| Date of production, publication, distribution, manufacture, or copyright notice | [2026] |
| 264 #4 - PRODUCTION, PUBLICATION, DISTRIBUTION, MANUFACTURE, AND COPYRIGHT NOTICE | |
| Date of production, publication, distribution, manufacture, or copyright notice | ©2026 |
| 300 ## - PHYSICAL DESCRIPTION | |
| Extent | xvi, 330 pages : |
| Other physical details | illustrations ; |
| Dimensions | 24 cm |
| 334 ## - MODE OF ISSUANCE | |
| Mode of issuance term | single unit |
| Mode of issuance code | mono |
| Authority record control number or standard number | http://id.loc.gov/vocabulary/issuance/mono |
| 336 ## - CONTENT TYPE | |
| Content type term | text |
| Content type code | txt |
| Source | rdacontent |
| Authority record control number or standard number | http://id.loc.gov/vocabulary/contentTypes/txt |
| 337 ## - MEDIA TYPE | |
| Media type term | unmediated |
| Media type code | n |
| Source | rdamedia |
| Authority record control number or standard number | http://id.loc.gov/vocabulary/mediaTypes/n |
| 338 ## - CARRIER TYPE | |
| Carrier type term | volume |
| Carrier type code | nc |
| Source | rdacarrier |
| Authority record control number or standard number | http://id.loc.gov/vocabulary/carriers/nc |
| 353 ## - SUPPLEMENTARY CONTENT CHARACTERISTICS | |
| Supplementary content term | bibliography |
| Supplementary content code | bibliography |
| Authority record control number or standard number | http://id.loc.gov/vocabulary/msupplcont/bibliography |
| 353 ## - SUPPLEMENTARY CONTENT CHARACTERISTICS | |
| Supplementary content term | index |
| Supplementary content code | index |
| Authority record control number or standard number | http://id.loc.gov/vocabulary/msupplcont/index |
| 504 ## - BIBLIOGRAPHY, ETC. NOTE | |
| Bibliography, etc. note | Includes bibliographical references (pages 265-321) and index. |
| 505 0# - FORMATTED CONTENTS NOTE | |
| Formatted contents note | Introduction: On the market -- Part 1: The lies we're told about love -- Measuring desirability -- Real and overblown gender differences -- Marriage material? -- Part 2: The science of close relationships -- Attachment part 1: bonds of support -- Attachment part 2: the biases that bind -- Compatibility, fickle beast -- Relationships as creative chaos -- Part 3: Finding connection in the real world -- Moving online -- Disrupting the manosphere -- Real relational solutions -- Gender, love, and evolution. |
| 520 ## - SUMMARY, ETC. | |
| Summary, etc. | "A groundbreaking look at the science of attraction and compatibility, challenging our most fundamental assumptions about how human mating evolved-to demonstrate the real keys to romantic attachment"-- Provided by publisher. |
| 650 #0 - SUBJECT ADDED ENTRY--TOPICAL TERM | |
| Topical term or geographic name entry element | Interpersonal attraction. |
| 650 #0 - SUBJECT ADDED ENTRY--TOPICAL TERM | |
| Topical term or geographic name entry element | Sexual attraction. |
| 650 #0 - SUBJECT ADDED ENTRY--TOPICAL TERM | |
| Topical term or geographic name entry element | Courtship. |
| 650 #0 - SUBJECT ADDED ENTRY--TOPICAL TERM | |
| Topical term or geographic name entry element | Love. |
| 650 #0 - SUBJECT ADDED ENTRY--TOPICAL TERM | |
| Topical term or geographic name entry element | Human evolution. |
| 650 #2 - SUBJECT ADDED ENTRY--TOPICAL TERM | |
| Topical term or geographic name entry element | Courtship |
| Authority record control number or standard number | (DNLM)D003380 |
| 650 #2 - SUBJECT ADDED ENTRY--TOPICAL TERM | |
| Topical term or geographic name entry element | Love |
| Authority record control number or standard number | (DNLM)D008149 |
| 650 #6 - SUBJECT ADDED ENTRY--TOPICAL TERM | |
| Topical term or geographic name entry element | Attraction interpersonnelle. |
| Authority record control number or standard number | (CaQQLa)201-0002722 |
| 650 #6 - SUBJECT ADDED ENTRY--TOPICAL TERM | |
| Topical term or geographic name entry element | Attrait sexuel. |
| Authority record control number or standard number | (CaQQLa)201-0185429 |
| 650 #6 - SUBJECT ADDED ENTRY--TOPICAL TERM | |
| Topical term or geographic name entry element | Amours. |
| Authority record control number or standard number | (CaQQLa)201-0025237 |
| 650 #6 - SUBJECT ADDED ENTRY--TOPICAL TERM | |
| Topical term or geographic name entry element | Amour. |
| Authority record control number or standard number | (CaQQLa)201-0002455 |
| 650 #6 - SUBJECT ADDED ENTRY--TOPICAL TERM | |
| Topical term or geographic name entry element | Êtres humains |
| General subdivision | Évolution. |
| Authority record control number or standard number | (CaQQLa)201-0023502 |
| 655 #7 - INDEX TERM--GENRE/FORM | |
| Genre/form data or focus term | Informational works. |
| Source of term | lcgft |
| 910 ## - USER-OPTION DATA (OCLC) | |
| User-option data | n26/4 cr |
No items available.